RISK MANAGEMENT POST FINANCIAL CRISIS A (Record no. 31233)

MARC details
000 -LEADER
fixed length control field 00343nam a2200133Ia 4500
008 - FIXED-LENGTH DATA ELEMENTS--GENERAL INFORMATION
fixed length control field 240624s9999 xx 000 0 und d
041 ## - LANGUAGE CODE
Language code of text/sound track or separate title eng
082 ## - DEWEY DECIMAL CLASSIFICATION NUMBER
Classification number 332.042 BAT
100 ## - MAIN ENTRY--PERSONAL NAME
Personal name BATTEN JOATHAN A
245 ## - TITLE STATEMENT
Title RISK MANAGEMENT POST FINANCIAL CRISIS A
260 ## - PUBLICATION, DISTRIBUTION, ETC.
Date of publication, distribution, etc. 2014
Place of publication, distribution, etc. India
Name of publisher, distributor, etc. Emerald
300 ## - PHYSICAL DESCRIPTION
Extent xii, 442 p,: 23 cm.
365 ## - TRADE PRICE
Currency code BPS
Price amount 38
Holdings
Withdrawn status Lost status Damaged status Not for loan Home library Current library Shelving location Date acquired Full call number Barcode Date last seen Copy number Price effective from Koha item type
        IMTN IMTN Rack 9-A 09/06/2018 332.042 BAT 31233 06/24/2024 94.4 06/24/2024 Books
Designed & Maintained by: LRC IMT Nagpur Contact: lrc@imtnag.ac.in© 2024. All Rights Reserved.